[Event "SUI-chT"]
[Site "Switzerland"]
[Date "2007.06.03"]
[Round "4.6"]
[White "Steckner, Johannes"]
[Black "Brunner, Lucas"]
[Result "0-1"]
[WhiteElo "2315"]
[BlackElo "2494"]
[PlyCount "94"]
[EventDate "2007.02.25"]
[EventType "team-tourn"]
[EventRounds "9"]
[EventCountry "SUI"]
[SourceTitle "EXT 2008"]
[Source "ChessBase"]
[SourceDate "2007.11.25"]
[SourceVersion "1"]
[SourceVersionDate "2007.11.25"]
[SourceQuality "1"]
[WhiteTeam "Winterthur"]
[BlackTeam "Zuerich"]
[WhiteTeamCountry "SUI"]
[BlackTeamCountry "SUI"]

1. d4 Nf6 2. c4 e6 3. g3 Bb4+ 4. Bd2 Bxd2+ 5. Qxd2 d6 6. Nc3 Nbd7 7. Nf3 0-0 8. Bg2 a6 9. 0-0 Rb8 10. a4 a5 11. Rfd1 Re8 12. b3 c6 13. h3 h6 14. e4 e5 15. Nh4 Qc7 16. Nf5 Nf8 17. dxe5 dxe5 18. Qd6 Qxd6 19. Nxd6 Rd8 20. Nxc8 Rbxc8 21. h4 N8d7 22. Bh3 Ra8 23. Bxd7 Nxd7 24. f3 Nc5 25. Rab1 Rxd1+ 26. Nxd1 Rd8 27. Nf2 Rd2 28. Kf1 Kf8 29. Ke1 Rc2 30. Rd1 Rc3 31. Ke2 Nxb3 32. Nd3 f6 33. Rb1 Nd4+ 34. Ke3 Nxf3 35. Kxf3 Rxd3+ 36. Kg4 h5+ 37. Kf5 Rf3+ 38. Ke6 Kg8 39. Rxb7 Rc3 40. Ra7 Rxc4 41. Rxa5 Rxe4 42. Ra8+ Kh7 43. a5 Ra4 44. Kd6 e4 45. Kxc6 e3 46. Kb5 Re4 47. Rc8 e2 0-1

[Event "Verbandsliga Sued Baden 0405"]
[Site "Germany"]
[Date "2004.11.21"]
[Round "3.3"]
[White "Kummle, Thomas"]
[Black "Steckner, Johannes"]
[Result "0-1"]
[WhiteElo "2173"]
[BlackElo "2321"]
[PlyCount "126"]
[EventDate "2004.10.10"]
[EventType "team"]
[EventRounds "9"]
[EventCountry "GER"]
[SourceTitle "EXT 2007"]
[Source "ChessBase"]
[SourceDate "2006.11.23"]
[SourceVersion "1"]
[SourceVersionDate "2006.11.23"]
[SourceQuality "1"]
[WhiteTeam "Waldshut II"]
[BlackTeam "Engen"]
[WhiteTeamCountry "GER"]
[BlackTeamCountry "GER"]

1. e4 e6 2. d4 d5 3. e5 c5 4. c3 Nc6 5. Nf3 Bd7 6. Be2 Nge7 7. 0-0 Ng6 8. g3 Be7 9. h4 cxd4 10. cxd4 0-0 11. Nc3 f6 12. h5 Nh8 13. exf6 Bxf6 14. Be3 Nf7 15. Qd2 Nd6 16. Rad1 Nf5 17. g4 Nxe3 18. Qxe3 h6 19. Bd3 Bg5 20. Nxg5 Qxg5 21. Qxg5 hxg5 22. Ne2 e5 23. f3 e4 24. fxe4 dxe4 25. Bxe4 Bxg4 26. Rf2 Bxh5 27. Rh2 g6 28. Rd3 Rad8 29. Ng3 Nxd4 30. Nxh5 gxh5 31. Rxh5 Ne2+ 32. Kh2 Rf2+ 33. Kh3 Rxd3+ 34. Bxd3 Nf4+ 35. Kg3 Nxd3 36. Rxg5+ Kf8 37. Rd5 Rxb2 38. Rxd3 Rxa2 39. Rd7 Rb2 40. Kf3 Ke8 41. Rh7 Kd8 42. Ke3 Kc8 43. Kd3 a6 44. Kc3 Rb5 45. Kc4 Kb8 46. Rg7 Ka7 47. Rh7 Rb1 48. Kc3 a5 49. Kc2 Rb4 50. Kc3 Ka6 51. Rh6+ b6 52. Rg6 Rh4 53. Kb3 a4+ 54. Ka3 Ka5 55. Rg5+ b5 56. Rf5 Rh3+ 57. Ka2 a3 58. Rg5 Ka4 59. Rg4+ b4 60. Rg1 b3+ 61. Ka1 Re3 62. Rg4+ Kb5 63. Rg1 Kc4 0-1

[Event "Cseppko op-A 11th"]
[Site "Aggtelek"]
[Date "2002.07.21"]
[Round "9"]
[White "Steckner, Johannes"]
[Black "Varadi, Viktor"]
[Result "1-0"]
[WhiteElo "2263"]
[BlackElo "2272"]
[PlyCount "79"]
[EventDate "2002.07.??"]
[EventType "swiss"]
[EventRounds "9"]
[EventCountry "HUN"]
[SourceTitle "EXT 2004"]
[Source "ChessBase"]
[SourceDate "2003.11.25"]
[SourceVersion "1"]
[SourceVersionDate "2003.11.25"]
[SourceQuality "1"]

1. d4 f5 2. g3 Nf6 3. Bg2 e6 4. c4 d5 5. Nd2 c6 6. Nh3 Bd6 7. Qc2 0-0 8. 0-0 Nbd7 9. Nf3 Ne4 10. Nfg5 Nxg5 11. Bxg5 Nf6 12. Bf4 Bxf4 13. Nxf4 g5 14. Nd3 Qe8 15. f3 g4 16. Bh1 gxf3 17. exf3 Nh5 18. Rae1 Qg6 19. Ne5 Qg7 20. b3 Nf4 21. Bg2 Ng6 22. f4 Kh8 23. Rf2 Ne7 24. Rfe2 Ng8 25. cxd5 exd5 26. Nf3 Nf6 27. Re7 Rf7 28. Qc5 Bd7 29. Ng5 Rxe7 30. Rxe7 Qg6 31. Nf7+ Kg8 32. Ne5 Qh5 33. Bf3 Ng4 34. Bxg4 fxg4 35. Rxd7 Qf5 36. Nxg4 Qxg4 37. Qe7 Qg6 38. Qg5 Rb8 39. h4 a6 40. b4 1-0

[Event "Cseppko op-A 11th"]
[Site "Aggtelek"]
[Date "2002.07.17"]
[Round "4"]
[White "Hidegh, Eszter"]
[Black "Steckner, Johannes"]
[Result "0-1"]
[WhiteElo "2160"]
[BlackElo "2263"]
[PlyCount "142"]
[EventDate "2002.07.??"]
[EventType "swiss"]
[EventRounds "9"]
[EventCountry "HUN"]
[SourceTitle "EXT 2004"]
[Source "ChessBase"]
[SourceDate "2003.11.25"]
[SourceVersion "1"]
[SourceVersionDate "2003.11.25"]
[SourceQuality "1"]

1. e4 e6 2. d4 d5 3. e5 c5 4. c3 Nc6 5. Nf3 Bd7 6. Be2 Nge7 7. a3 a5 8. 0-0 Ng6 9. Bd3 Be7 10. Re1 0-0 11. Nbd2 cxd4 12. cxd4 a4 13. Nf1 Na5 14. Be3 Nb3 15. Rb1 b5 16. N3d2 b4 17. Nxb3 axb3 18. Qxb3 bxa3 19. bxa3 Rxa3 20. Qc2 Qa8 21. Bb5 Rc8 22. Qe2 Nf8 23. Rec1 Rxc1 24. Bxc1 Ra2 25. Qd3 Ra1 26. Bxd7 Nxd7 27. Qb5 Rxb1 28. Qxb1 Qc6 29. g3 f6 30. f4 fxe5 31. fxe5 Bd8 32. Be3 Bb6 33. Qd3 Qa4 34. Kf2 Nb8 35. Nd2 Nc6 36. Nf3 h6 37. g4 Ne7 38. g5 h5 39. Nh4 Qa2+ 40. Qe2 Qxe2+ 41. Kxe2 Kf7 42. Kd3 Ba5 43. Bf2 Ng6 44. Ng2 Ke8 45. Bg3 Bd8 46. h4 Kf7 47. Be1 Bb6 48. Bb4 Ke8 49. Bd2 Kd7 50. Nf4 Nxf4+ 51. Bxf4 g6 52. Be3 Kc6 53. Kc2 Kb5 54. Kb3 Ba5 55. Bf2 Bd2 56. Kc2 Bb4 57. Kb3 Ba5 58. Bg3 Bd2 59. Bf2 Bf4 60. Be1 Be3 61. Kc3 Ka4 62. Kd3 Bg1 63. Kc3 Ka3 64. Kd3 Kb3 65. Bg3 Kb2 66. Be1 Kc1 67. Bg3 Kd1 68. Kc3 Ke2 69. Kb4 Bxd4 70. Kb5 Kf3 71. Bh2 Ke4 0-1

[Event "Cseppko op-A 11th"]
[Site "Aggtelek"]
[Date "2002.07.17"]
[Round "3"]
[White "Steckner, Johannes"]
[Black "Karolyfalvi, Zoltan"]
[Result "1/2-1/2"]
[WhiteElo "2263"]
[BlackElo "2173"]
[PlyCount "133"]
[EventDate "2002.07.??"]
[EventType "swiss"]
[EventRounds "9"]
[EventCountry "HUN"]
[SourceTitle "EXT 2004"]
[Source "ChessBase"]
[SourceDate "2003.11.25"]
[SourceVersion "1"]
[SourceVersionDate "2003.11.25"]
[SourceQuality "1"]

1. d4 Nf6 2. g3 d5 3. Bg2 c6 4. Nf3 Bf5 5. 0-0 Nbd7 6. c4 dxc4 7. a4 a5 8. Na3 Nb6 9. Ne5 e6 10. Naxc4 Nxc4 11. Nxc4 Bb4 12. Bg5 h6 13. Bxf6 Qxf6 14. e4 Bh7 15. d5 exd5 16. exd5 0-0 17. dxc6 bxc6 18. Qf3 Qxf3 19. Bxf3 Ra6 20. Ne5 c5 21. Bd5 Bf5 22. Bc4 Ra7 23. Rfd1 Re8 24. f4 Be6 25. Bb5 Rc8 26. Nc4 Bxc4 27. Bxc4 Re8 28. Rd5 Rae7 29. Rad1 Re1+ 30. Kf2 Rxd1 31. Rxd1 Re7 32. f5 Kf8 33. Kf3 Rc7 34. g4 Ke7 35. Rd3 Rd7 36. Re3+ Kf6 37. h4 g6 38. fxg6 Kxg6 39. Re5 Kf6 40. Rf5+ Kg7 41. g5 hxg5 42. Rxg5+ Kf6 43. Rh5 Rd4 44. b3 Kg6 45. Rg5+ Kf6 46. Rh5 Kg6 47. Rh8 Kg7 48. Rc8 Rxh4 49. Rc7 Rd4 50. Rxf7+ Kg6 51. Re7 Kf6 52. Re8 Kf5 53. Ke3 Bd2+ 54. Ke2 Bb4 55. Bd3+ Kf4 56. Rf8+ Ke5 57. Rf5+ Ke6 58. Rh5 Kd6 59. Ke3 Rg4 60. Be4 Rg3+ 61. Bf3 Rg6 62. Kd3 Rf6 63. Be4 Rf4 64. Rh8 Rg4 65. Ke3 Rg1 66. Bf3 Rc1 67. Rh6+ 1/2-1/2

[Event "Cseppko op-A 11th"]
[Site "Aggtelek"]
[Date "2002.07.16"]
[Round "2"]
[White "Gal, Jozsef Istvan"]
[Black "Steckner, Johannes"]
[Result "1-0"]
[WhiteElo "2354"]
[BlackElo "2263"]
[PlyCount "117"]
[EventDate "2002.07.??"]
[EventType "swiss"]
[EventRounds "9"]
[EventCountry "HUN"]
[SourceTitle "EXT 2004"]
[Source "ChessBase"]
[SourceDate "2003.11.25"]
[SourceVersion "1"]
[SourceVersionDate "2003.11.25"]
[SourceQuality "1"]

1. e4 e6 2. Qe2 c5 3. g3 Nc6 4. Nf3 g6 5. Bg2 Bg7 6. 0-0 Nge7 7. c3 0-0 8. d3 e5 9. Be3 b6 10. c4 Nd4 11. Nxd4 cxd4 12. Bd2 d6 13. a4 Rb8 14. a5 f5 15. axb6 axb6 16. Na3 Bd7 17. Bb4 Rf6 18. Nb5 Bxb5 19. cxb5 Qd7 20. Qc2 f4 21. Rfc1 fxg3 22. hxg3 Rc8 23. Qb3+ Kh8 24. Rxc8+ Qxc8 25. Bd2 h6 26. Ra7 Ng8 27. Qa4 Qg4 28. Qc2 g5 29. Be1 Qe6 30. Qc7 Rg6 31. Qf7 Qxf7 32. Rxf7 Bf6 33. Rd7 Rg7 34. Rxd6 Ra7 35. Rxb6 Ra1 36. Kf1 Be7 37. Ke2 Ra2 38. Kd1 Rxb2 39. Bd2 Nf6 40. Re6 Bd8 41. Rxe5 Kg7 42. Rf5 Kg6 43. Bh3 g4 44. Bg2 Be7 45. Bc1 Rb3 46. Bf1 Bb4 47. Kc2 Rc3+ 48. Kb1 Rb3+ 49. Ka2 Rc3 50. Bb2 Rc2 51. Kb3 Rd2 52. Bxd4 Be7 53. Bc3 Rd1 54. Be2 Rb1+ 55. Kc2 Rh1 56. b6 Nd7 57. b7 Bg5 58. Bxg4 Rc1+ 59. Kb2 1-0

[Event "Zuerich op 25th"]
[Site "Zuerich"]
[Date "2001.12.27"]
[Round "3"]
[White "Steckner, Johannes"]
[Black "Gaule, Patrick"]
[Result "0-1"]
[WhiteElo "2269"]
[BlackElo "2114"]
[PlyCount "66"]
[EventDate "2001.12.26"]
[EventType "swiss"]
[EventRounds "7"]
[EventCountry "SUI"]
[SourceTitle "EXT 2003"]
[Source "ChessBase"]
[SourceDate "2002.11.25"]
[SourceVersion "1"]
[SourceVersionDate "2002.11.25"]
[SourceQuality "1"]

1. d4 Nf6 2. c4 g6 3. g3 Bg7 4. Bg2 0-0 5. Nc3 d6 6. Nf3 Nbd7 7. 0-0 e5 8. b3 Re8 9. h3 Rb8 10. Rb1 a6 11. Be3 h6 12. Qc1 Kh7 13. Rd1 Qe7 14. Nd5 Nxd5 15. cxd5 e4 16. Nd2 Nf6 17. Qc4 b5 18. Qc2 Bb7 19. Rbc1 Nxd5 20. Nf1 f5 21. Bd2 Bxd4 22. Ba5 c5 23. b4 e3 24. bxc5 exf2+ 25. Kh2 dxc5 26. Rxd4 cxd4 27. Qd2 Nc3 28. Bxb7 Rxb7 29. e3 dxe3 30. Qxc3 e2 31. Qc6 Qd7 32. Qf6 e1Q 33. Bxe1 fxe1Q 0-1

[Event "Winterthur op 1st"]
[Site "Winterthur"]
[Date "2001.10.09"]
[Round "5"]
[White "Sarwat, Walaa"]
[Black "Steckner, Johannes"]
[Result "1-0"]
[WhiteElo "2365"]
[BlackElo "2269"]
[PlyCount "75"]
[EventDate "2001.10.05"]
[EventType "swiss"]
[EventRounds "9"]
[EventCountry "SUI"]
[SourceTitle "CBM 084 Extra"]
[Source "ChessBase"]
[SourceDate "2001.10.26"]
[SourceVersion "1"]
[SourceVersionDate "2001.10.26"]
[SourceQuality "1"]

1. e4 e6 2. d4 d5 3. e5 c5 4. c3 Nc6 5. Nf3 Bd7 6. Be2 Nge7 7. 0-0 Ng6 8. g3 Be7 9. h4 0-0 10. Bd3 cxd4 11. cxd4 f6 12. exf6 Bxf6 13. Bxg6 hxg6 14. Nc3 Qb6 15. Na4 Qb5 16. Nc3 Qb6 17. Ne2 Rae8 18. Be3 Qxb2 19. Rb1 Qxa2 20. Rxb7 Bc8 21. Rb1 e5 22. Ra1 Qc4 23. Rc1 Qa6 24. dxe5 Nxe5 25. Nxe5 Rxe5 26. Nf4 Rd8 27. Nxg6 Rf5 28. g4 d4 29. gxf5 Bxf5 30. Qh5 Bxg6 31. Qxg6 dxe3 32. fxe3 Qe6 33. Rf3 Qe8 34. h5 Qxg6+ 35. hxg6 Kf8 36. Rc7 Ra8 37. Kf2 Ke8 38. Rxf6 1-0

[Event "Zuerich op 24th"]
[Site "Zuerich"]
[Date "2000.12.27"]
[Round "2"]
[White "Gallagher, Joseph G"]
[Black "Steckner, Johannes"]
[Result "1-0"]
[WhiteElo "2514"]
[BlackElo "2275"]
[PlyCount "67"]
[EventDate "2000.12.26"]
[EventType "swiss"]
[EventRounds "7"]
[EventCountry "SUI"]
[SourceTitle "EXT 2002"]
[Source "ChessBase"]
[SourceDate "2001.11.25"]
[SourceVersion "1"]
[SourceVersionDate "2001.11.25"]
[SourceQuality "1"]

1. e4 d5 2. exd5 Qxd5 3. Nc3 Qa5 4. d4 c6 5. Nf3 Nf6 6. Bc4 Bf5 7. Bd2 e6 8. Nd5 Qd8 9. Nxf6+ gxf6 10. c3 Nd7 11. Qe2 Qc7 12. Nh4 Bg6 13. 0-0-0 0-0-0 14. g3 Nb6 15. Bb3 c5 16. Nxg6 hxg6 17. dxc5 Bxc5 18. h4 Qc6 19. h5 gxh5 20. Rxh5 Nd7 21. Bf4 e5 22. Rxh8 Rxh8 23. Be3 Qe4 24. Bxf7 Bxe3+ 25. fxe3 Kc7 26. Qd2 Qc6 27. Bd5 Qd6 28. Qg2 Qb6 29. Bxb7 Rb8 30. Qd5 Qxb7 31. Qxd7+ Kb6 32. Rd6+ Kc5 33. b4+ Kc4 34. Rc6+ 1-0

[Event "Baden Casino op 5th"]
[Site "Baden"]
[Date "2000.??.??"]
[Round "3"]
[White "Kaenel, Hansjuerg"]
[Black "Steckner, Johannes"]
[Result "1/2-1/2"]
[WhiteElo "2434"]
[BlackElo "2293"]
[PlyCount "71"]
[EventDate "2000.04.??"]
[EventType "swiss"]
[EventRounds "9"]
[EventCountry "SUI"]
[SourceTitle "EXT 2001"]
[Source "ChessBase"]
[SourceDate "2000.11.22"]
[SourceVersion "1"]
[SourceVersionDate "2000.11.22"]
[SourceQuality "1"]

1. Nf3 d5 2. e3 Nf6 3. c4 c6 4. d4 Bf5 5. cxd5 cxd5 6. Qb3 Qb6 7. Qxb6 axb6 8. Nc3 Nc6 9. Bb5 Bd7 10. Bd2 e6 11. 0-0 Bd6 12. Na4 Ne7 13. Nxb6 Bxb5 14. Nxa8 Bxf1 15. Kxf1 Nd7 16. Ne5 Nxe5 17. dxe5 Bxe5 18. Nb6 Nc6 19. Bc3 Bxc3 20. bxc3 Kd8 21. Rb1 Kc7 22. Ke2 Rd8 23. f4 Ne7 24. Rb2 Rd6 25. Na4 Rc6 26. Rb4 Nf5 27. Kd3 Nd6 28. Nb2 b5 29. Kc2 Ra6 30. a4 bxa4 31. Rxa4 Rxa4 32. Nxa4 Nc4 33. Kd3 Kc6 34. Kd4 f6 35. e4 Nd6 36. exd5+ 1/2-1/2

[Event "Baden Casino op 5th"]
[Site "Baden"]
[Date "2000.??.??"]
[Round "5"]
[White "Steckner, Johannes"]
[Black "Horvath, Peter"]
[Result "1/2-1/2"]
[WhiteElo "2293"]
[BlackElo "2431"]
[PlyCount "167"]
[EventDate "2000.04.??"]
[EventType "swiss"]
[EventRounds "9"]
[EventCountry "SUI"]
[SourceTitle "EXT 2001"]
[Source "ChessBase"]
[SourceDate "2000.11.22"]
[SourceVersion "1"]
[SourceVersionDate "2000.11.22"]
[SourceQuality "1"]

1. d4 e6 2. g3 c5 3. Nf3 Nc6 4. c4 cxd4 5. Nxd4 Nf6 6. Bg2 Bb4+ 7. Bd2 Qb6 8. Nb3 a5 9. 0-0 a4 10. Nc1 Ne5 11. Bxb4 Qxb4 12. Nd3 Qa5 13. Nxe5 Qxe5 14. Nc3 a3 15. Qb3 axb2 16. Rab1 h5 17. Qxb2 h4 18. Nb5 Qc5 19. Bf3 0-0 20. Rfc1 e5 21. Nc3 Re8 22. Qb6 Qe7 23. c5 e4 24. Bg2 Ra6 25. Qb4 Qe5 26. e3 d5 27. cxd6 Rxd6 28. Nxe4 Ra6 29. Rc5 Qe6 30. Nxf6+ Qxf6 31. Qxh4 Qxh4 32. gxh4 Rxa2 33. Bxb7 Bh3 34. Bg2 Bxg2 35. Kxg2 Rxe3 36. Rb8+ Kh7 37. Rh5+ Kg6 38. Rg5+ Kf6 39. Rb6+ Re6 40. Rbb5 g6 41. Rg3 Kg7 42. h5 Rf6 43. Rf3 Rxf3 44. Kxf3 Kh6 45. hxg6 fxg6 46. h4 Ra1 47. Rb8 Rh1 48. Kg3 Rg1+ 49. Kh2 Rg4 50. Kh3 Rg1 51. Rb3 Rh1+ 52. Kg4 Rg1+ 53. Rg3 Rf1 54. Kf3 Rh1 55. Kg4 Rf1 56. Rf3 Rg1+ 57. Kh3 Rh1+ 58. Kg3 Rg1+ 59. Kh2 Rg4 60. Kh3 Rg1 61. Ra3 Rh1+ 62. Kg3 Rg1+ 63. Kh2 Rg4 64. Kh3 Rg1 65. Ra5 Rh1+ 66. Kg3 Rg1+ 67. Kh2 Rg4 68. Kh3 Rg1 69. f3 Rh1+ 70. Kg3 Rg1+ 71. Kh2 Rb1 72. Ra4 Kh5 73. Kg3 Rg1+ 74. Kh2 Rb1 75. Rg4 Ra1 76. Rg5+ Kh6 77. Rb5 Rf1 78. Kg2 Ra1 79. Rb8 Rc1 80. Kg3 Rg1+ 81. Kf4 Rh1 82. Ke5 Rxh4 83. f4 Rh5+ 84. Ke4 1/2-1/2

[Event "Oberliga Wuerttemberg 9899"]
[Site "Wuerttemberg"]
[Date "1999.01.17"]
[Round "5"]
[White "Steckner, Johannes"]
[Black "Altenhof, Martin"]
[Result "1-0"]
[WhiteElo "2280"]
[BlackElo "2270"]
[PlyCount "149"]
[EventDate "1998.10.??"]
[EventType "team"]
[EventRounds "9"]
[EventCountry "GER"]
[SourceTitle "EXT 2000"]
[Source "ChessBase"]
[SourceDate "1999.11.16"]
[SourceVersion "1"]
[SourceVersionDate "1999.11.16"]
[SourceQuality "1"]

1. d4 g6 2. g3 Bg7 3. Bg2 d6 4. e4 Nf6 5. Ne2 0-0 6. h3 e5 7. 0-0 c6 8. Nbc3 b5 9. a3 Bb7 10. Be3 a5 11. dxe5 dxe5 12. Qxd8 Rxd8 13. Rfd1 Rxd1+ 14. Rxd1 Nbd7 15. Nc1 b4 16. Na4 Ba6 17. Bf1 Bb5 18. b3 Bxa4 19. bxa4 bxa3 20. Nb3 Nf8 21. f3 Ne6 22. Ra1 Bf8 23. Bc4 Nd7 24. Bxe6 fxe6 25. Bc1 Nc5 26. Nxc5 Bxc5+ 27. Kf1 Rb8 28. Bxa3 Bd4 29. Rd1 c5 30. Ke2 c4 31. f4 Rb7 32. g4 h5 33. fxe5 Bxe5 34. Rd8+ Kg7 35. Rc8 Rc7 36. Rxc7+ Bxc7 37. gxh5 gxh5 38. Ke3 Be5 39. Bc5 Kg6 40. Bb6 Bc3 41. Bd4 Bxd4+ 42. Kxd4 Kg5 43. Kxc4 Kh4 44. Kb5 Kxh3 45. c4 Kg3 46. c5 h4 47. c6 h3 48. c7 h2 49. c8Q h1Q 50. Qxe6 Qe1 51. Qd6+ Kg4 52. e5 Kf5 53. Qf6+ Ke4 54. Qc6+ Kf5 55. Qc5 Ke6 56. Ka6 Qb4 57. Qxa5 Qc4+ 58. Ka7 Ke7 59. Qb5 Qd4+ 60. Ka8 Ke6 61. Kb7 Kf5 62. a5 Qe4+ 63. Kb8 Qd4 64. Kc8 Qc3+ 65. Kd8 Kf4 66. e6 Qd4+ 67. Kc8 Qc3+ 68. Kb7 Qg7+ 69. Ka8 Qe7 70. Qc6 Ke5 71. a6 Qf8+ 72. Kb7 Qb4+ 73. Kc8 Qf8+ 74. Kd7 Qg7+ 75. e7 1-0

[Event "Oberliga Wuerttemberg 9697"]
[Site "Wuerttemberg"]
[Date "1997.??.??"]
[Round "?"]
[White "Steckner, Johannes"]
[Black "Holzhaeuer, Mathias"]
[Result "1/2-1/2"]
[WhiteElo "2255"]
[BlackElo "2360"]
[PlyCount "51"]
[EventDate "1996.09.??"]
[EventType "team"]
[EventRounds "9"]
[EventCountry "GER"]
[SourceTitle "EXT 1999"]
[Source "ChessBase"]
[SourceDate "1998.11.16"]
[SourceVersion "1"]
[SourceVersionDate "1998.11.16"]
[SourceQuality "1"]

1. d4 Nf6 2. c4 e6 3. g3 Bb4+ 4. Bd2 Qe7 5. Bg2 Nc6 6. e3 Bxd2+ 7. Qxd2 e5 8. d5 Nb8 9. d6 Qxd6 10. Qxd6 cxd6 11. Nc3 Nc6 12. Nb5 Ke7 13. 0-0-0 Ne8 14. Ne2 a6 15. Nbc3 Nf6 16. Rd2 b5 17. cxb5 axb5 18. Nxb5 Rxa2 19. Kb1 Ra5 20. Nxd6 g6 21. Rc1 Ba6 22. Bxc6 Bxe2 23. Bg2 Ba6 24. Rc7 Rb8 25. Ne4 Rd5 26. Rxd5 1/2-1/2

[Event "BL2-Sued 9596"]
[Site "Germany"]
[Date "1996.??.??"]
[Round "?.7"]
[White "Kiefhaber, Holger"]
[Black "Steckner, Johannes"]
[Result "0-1"]
[WhiteElo "2280"]
[BlackElo "2245"]
[PlyCount "140"]
[EventDate "1995.10.??"]
[EventType "team-tourn"]
[EventRounds "9"]
[EventCountry "GER"]
[SourceTitle "GER-chT2"]
[Source "ChessBase"]
[SourceDate "1999.07.01"]
[SourceVersion "1"]
[SourceVersionDate "1999.07.01"]
[SourceQuality "1"]
[WhiteTeam "Karlsruhe"]
[BlackTeam "Stuttgart"]
[WhiteTeamCountry "GER"]
[BlackTeamCountry "GER"]

1. e4 e6 2. d4 d5 3. e5 c5 4. c3 Nc6 5. Nf3 Bd7 6. Be2 Nge7 7. Na3 Ng6 8. Nc2 Be7 9. g3 0-0 10. h4 cxd4 11. cxd4 f6 12. exf6 Bxf6 13. Bd3 Qe8 14. Ng5 h6 15. h5 Bxg5 16. Bxg6 Qe7 17. f4 Bf6 18. 0-0 Be8 19. Be3 Bxg6 20. hxg6 Qe8 21. Qg4 Bd8 22. f5 Rf6 23. Rae1 Ba5 24. Bg5 hxg5 25. Qh5 Bxe1 26. Qh7+ Kf8 27. Qh8+ Ke7 28. Qxg7+ Kd6 29. Qxf6 Qe7 30. Qxe7+ Nxe7 31. f6 Nxg6 32. Nxe1 e5 33. Nf3 g4 34. dxe5+ Nxe5 35. Nd4 Rf8 36. Rf4 Nd3 37. Rxg4 Rxf6 38. Rg7 Ke5 39. Ne2 Rb6 40. b3 Nb4 41. Re7+ Kd6 42. Rh7 Nxa2 43. Rh6+ Kc5 44. Rxb6 Kxb6 45. Kf2 Kc5 46. Ke3 Nb4 47. g4 Nc6 48. g5 Kd6 49. g6 Ne7 50. Nf4 Ke5 51. Nd3+ Kf5 52. Kd4 Kxg6 53. Ke5 Kf7 54. Kd6 Kf6 55. b4 d4 56. b5 b6 57. Nb4 Nf5+ 58. Kc6 Ke5 59. Kb7 Ne3 60. Kxa7 Nc4 61. Kb7 Ke4 62. Na2 Kd5 63. Nc1 Ke4 64. Na2 d3 65. Nc3+ Kd4 66. Nd1 Kc5 67. Ka6 Kb4 68. Nf2 d2 69. Kb7 Kxb5 70. Ne4 Ka5 0-1

[Event "BL2-Sued 9596"]
[Site "Germany"]
[Date "1995.??.??"]
[Round "?.7"]
[White "Steckner, Johannes"]
[Black "Staiger, Frank"]
[Result "1/2-1/2"]
[WhiteElo "2245"]
[BlackElo "2285"]
[PlyCount "43"]
[EventDate "1995.10.??"]
[EventType "team-tourn"]
[EventRounds "9"]
[EventCountry "GER"]
[SourceTitle "GER-chT2"]
[Source "ChessBase"]
[SourceDate "1999.07.01"]
[SourceVersion "1"]
[SourceVersionDate "1999.07.01"]
[SourceQuality "1"]
[WhiteTeam "Stuttgart"]
[BlackTeam "Eppingen"]
[WhiteTeamCountry "GER"]
[BlackTeamCountry "GER"]

1. d4 Nf6 2. c4 g6 3. g3 Bg7 4. Bg2 d5 5. cxd5 Nxd5 6. e4 Nb4 7. a3 N4c6 8. d5 Nd4 9. Ne2 c5 10. 0-0 0-0 11. Nxd4 cxd4 12. Nd2 e5 13. f4 Na6 14. Nc4 f6 15. a4 b6 16. b3 Nc5 17. b4 Nb7 18. b5 Qc7 19. Qe2 Re8 20. fxe5 fxe5 21. Ba3 Nc5 22. Rf2 1/2-1/2

[Event "BL2-Nord 9394"]
[Site "Germany"]
[Date "1994.??.??"]
[Round "?.2"]
[White "Breyther, Ruediger"]
[Black "Steckner, Johannes"]
[Result "0-1"]
[WhiteElo "2315"]
[BlackElo "2265"]
[PlyCount "92"]
[EventDate "1993.10.??"]
[EventType "team-tourn"]
[EventRounds "9"]
[EventCountry "GER"]
[SourceTitle "GER-chT2"]
[Source "ChessBase"]
[SourceDate "1999.07.01"]
[SourceVersion "1"]
[SourceVersionDate "1999.07.01"]
[SourceQuality "1"]
[WhiteTeam "Hamburger SG BUE"]
[BlackTeam "Hamburger SK II"]
[WhiteTeamCountry "GER"]
[BlackTeamCountry "GER"]

1. e4 e6 2. d4 d5 3. Nd2 Nf6 4. e5 Nfd7 5. c3 c5 6. Bd3 Nc6 7. Ne2 cxd4 8. cxd4 f6 9. exf6 Nxf6 10. Nf3 Bd6 11. 0-0 0-0 12. Bf4 Bxf4 13. Nxf4 Ne4 14. Qc1 Ng5 15. Nxg5 Qxg5 16. Bxh7+ Kxh7 17. Nxe6 Qxc1 18. Nxf8+ Kg8 19. Raxc1 Kxf8 20. Rfd1 Ke7 21. Rc3 Bf5 22. Rg3 g6 23. Re3+ Kd6 24. f3 Rh8 25. g4 Bd7 26. Kg2 g5 27. Kg3 Nd8 28. Re5 Ne6 29. Rf5 Nxd4 30. Rxd4 Bxf5 31. gxf5 Ke5 32. Rd2 Rh4 33. a3 Rf4 34. Re2+ Kd6 35. Re6+ Kd7 36. Re3 Kd6 37. h4 d4 38. Re6+ Kd5 39. hxg5 Rxf5 40. Re7 Rxg5+ 41. Kf4 Rg8 42. Rxb7 Rf8+ 43. Kg3 a5 44. Rb5+ Kc4 45. Rxa5 d3 46. Ra7 Rd8 0-1

[Event "Wichern op 2nd"]
[Site "Hamburg"]
[Date "1993.??.??"]
[Round "7"]
[White "Dabrowska, Krystyna"]
[Black "Steckner, Johannes"]
[Result "1/2-1/2"]
[WhiteElo "2240"]
[BlackElo "2330"]
[PlyCount "135"]
[EventDate "1993.10.??"]
[EventType "swiss"]
[EventRounds "9"]
[EventCountry "GER"]
[SourceTitle "EXT 1997"]
[Source "ChessBase"]
[SourceDate "1996.11.15"]
[SourceVersion "1"]
[SourceVersionDate "1996.11.15"]
[SourceQuality "1"]

1. e4 d5 2. exd5 Qxd5 3. Nc3 Qa5 4. d4 c6 5. Nf3 Nf6 6. Bf4 Bf5 7. Qd2 e6 8. Ne5 b5 9. f3 Bb4 10. Bd3 Nd5 11. Bxf5 exf5 12. 0-0 Bxc3 13. bxc3 Qxc3 14. Rfe1 0-0 15. Qxc3 Nxc3 16. Bd2 Nd5 17. a4 b4 18. a5 f6 19. Nd3 Na6 20. Rab1 Rfe8 21. Nxb4 Rxe1+ 22. Bxe1 Naxb4 23. c4 Ne3 24. Rxb4 Nc2 25. Rb1 Nxe1 26. Rxe1 Kf7 27. Rb1 Rd8 28. Rb7+ Kg6 29. Rc7 Rxd4 30. Rxc6 f4 31. a6 Rd1+ 32. Kf2 Rd2+ 33. Kf1 Ra2 34. Rd6 Kf5 35. c5 g5 36. c6 Rc2 37. Ke1 Ke5 38. Rd7 Rxc6 39. Rxa7 Rc1+ 40. Kd2 Ra1 41. Ra8 Kf5 42. Kc3 h5 43. h3 g4 44. Kb2 gxf3 45. gxf3 Ra5 46. h4 Rb5+ 47. Kc3 Ra5 48. Kb4 Ra1 49. a7 Ra2 50. Kc5 Ra1 51. Kd6 Ra3 52. Ke7 Ra2 53. Kf7 Ra1 54. Kg7 Ra3 55. Kh6 Rxf3 56. Rb8 Ra3 57. a8Q Rxa8 58. Rxa8 Kg4 59. Kg6 Kxh4 60. Kf5 Kg3 61. Ke4 f5+ 62. Kd3 f3 63. Kd2 Kg2 64. Rg8+ Kf1 65. Rf8 h4 66. Rxf5 h3 67. Rxf3+ Kg2 68. Rxh3 1/2-1/2